| 000 | 01602cad a22002415a 4500 | ||
|---|---|---|---|
| 001 | L153673 | ||
| 008 | 110816e20110716xxkd f s f000 0 eng d | ||
| 035 | _a(Sirsi) u153673 | ||
| 041 | 0 | _aeng | |
| 050 | 0 | 4 | _a333.33 $2 18 |
| 110 | 1 |
_aUnited Kingdom _bDepartment for Communities and Local Government _94939 |
|
| 245 | 0 | 0 |
_aHouse price index _bJune 2011 _h[electronic resource] |
| 260 |
_aLondon _bDCLG _c2011 |
||
| 490 | 0 |
_aDCLG House Price Index _vJune 2011 |
|
| 520 | _aUK house prices decreased by 2% since June 2010 and increased by 0.6% since May 2011. The mix-adjusted average house price was £204 981 in June 2011 (not seasonally adjusted). UK house prices fell by 0.5% in the quarter ending June 2011 the same level of decrease as in the quarter ending March 2011(seasonally adjusted). Annual average house prices fell by 1.8% in England, 5.6% in Scotland, 5.6% in Wales and 8.1% in Northern Ireland. Annual average house prices paid by first time buyers in June were 2.2 lower than a year ago. Average house prices paid by former owner occupiers decreased by 2%. Annual average house prices paid for new properties in June 2011 were 3.2% higher than a year ago. By comparison average house prices paid on pre-owned dwellings were 2.4% lower. | ||
| 521 | _aAdvanced | ||
| 590 | _aKA NTK | ||
| 650 | 2 | 4 | _aDCLG HOUSE PRICE INDEX |
| 651 | 4 |
_aUnited Kingdom _y |
|
| 690 | _aPROPERTY-RESIDENTIAL PROPERTY-RESIDENTIAL PROPERTY MARKET | ||
| 856 | 4 | 0 |
_uhttps://www.communities.gov.uk/documents/statistics/pdf/1966772.pdf _zView this item free of charge at www.communities.gov.uk |
| 942 | _n0 | ||
| 999 |
_c112643 _d112643 |
||